000 00469nam a2200181Ia 4500
001 3379
005 20260306145639.0
008 260306t1996||||xx |||||||||||||| ||spa||
041 _aESP
082 _a270.92
_bJ67
100 _aJohn Paul II, Pope
_eAUT
245 0 _aGift and mystery:
_bon the fiftieth anniversary of my priestly ordination
260 _c1996
300 _ax, 114 páginas :
_c22 cm.
650 _aGEN
654 _aCHU
942 _cLIB
_dJUS
_fJUS
_2ddc
_n
999 _c3379
_d3379